Online katalóg knižníc regiónu Turca

Jazero snov vo Friday Harbore (Record no. 22406)

MARC details
000 -LEADER
fixed length control field 01242cam a2200373 a 4500
001 - CONTROL NUMBER
control field 22406
003 - CONTROL NUMBER IDENTIFIER
control field SK-KTurca
005 - DATE AND TIME OF LATEST TRANSACTION
control field 20260327152906.0
008 - FIXED-LENGTH DATA ELEMENTS--GENERAL INFORMATION
fixed length control field 240314s2013 xo e 000 f slo
015 ## - NATIONAL BIBLIOGRAPHY NUMBER
National bibliography number SNBA2013/07
020 ## - INTERNATIONAL STANDARD BOOK NUMBER
International Standard Book Number 9788055133874
Qualifying information (viaz.)
035 ## - SYSTEM CONTROL NUMBER
System control number 102929E2-C590-4F6F-BB62-578A12AF3EED
035 ## - SYSTEM CONTROL NUMBER
System control number urn:nbn:sk:snk-amjnle
035 ## - SYSTEM CONTROL NUMBER
System control number urn:nbn:sk:snk-am000wui
040 ## - CATALOGING SOURCE
Original cataloging agency TVZK
Language of cataloging slo
Transcribing agency TVZK
Modifying agency SNK
Description conventions AACR2
041 1# - LANGUAGE CODE
Language code of text/sound track or separate title slo
Language code of original eng
044 ## - COUNTRY OF PUBLISHING/PRODUCING ENTITY CODE
MARC country code xo
ISO country code SK
072 #7 - SUBJECT CATEGORY CODE
Subject category code 821.111(73)-3
Subject category code subdivision Americká próza
Source konspekt
080 ## - UNIVERSAL DECIMAL CLASSIFICATION NUMBER
Universal Decimal Classification number 821.111(73)-31
Edition identifier 2001
080 ## - UNIVERSAL DECIMAL CLASSIFICATION NUMBER
Universal Decimal Classification number (0:82-312.5)
Edition identifier 2001
100 1# - MAIN ENTRY--PERSONAL NAME
Personal name Kleypas, Lisa,
Dates associated with a name 1964-
Relationship aut
240 10 - UNIFORM TITLE
Uniform title Dream Lake
Language of a work Slovensky
245 10 - TITLE STATEMENT
Title Jazero snov vo Friday Harbore
Number of part/section of a work [3]
Statement of responsibility, etc. Lisa Kleypasová ; [z anglického originálu preložil Otakar Kořínek]
250 ## - EDITION STATEMENT
Edition statement [1. vyd.]
260 ## - PUBLICATION, DISTRIBUTION, ETC.
Place of publication, distribution, etc. Bratislava
Name of publisher, distributor, etc. Ikar
Date of publication, distribution, etc. 2013
300 ## - PHYSICAL DESCRIPTION
Extent 244 s.
Dimensions 21 cm
500 ## - GENERAL NOTE
General note Tretia časť príbehov odohrávajúcich sa v prímorskom mestečku Friday Harbor
655 #7 - INDEX TERM--GENRE/FORM
Genre/form data or focus term americké romány
Source of term SNKPH
655 #7 - INDEX TERM--GENRE/FORM
Genre/form data or focus term American fiction
Source of term SNKPHeng
655 #7 - INDEX TERM--GENRE/FORM
Genre/form data or focus term Love novels
Source of term SNKPHeng
655 #7 - INDEX TERM--GENRE/FORM
Genre/form data or focus term ľúbostné romány
Source of term SNKPH
700 1# - ADDED ENTRY--PERSONAL NAME
Personal name Kořínek, Otakar,
Dates associated with a name 1946-2025
Relationship trl
942 ## - ADDED ENTRY ELEMENTS (KOHA)
Source of classification or shelving scheme Dewey Decimal Classification
Koha item type Krásna literatúra pre dospelých
Suppress in OPAC No
Holdings
Stav vyradenia Strata Poškodenie Spôsob nadobudnutia Domovská knižnica Aktuálna knižnica Dátum nadobudnutia Total checkouts Čiarový kód exemplára Date last seen Typ exemplára
      Dar Obecná knižnica Horná Štubňa Obecná knižnica Horná Štubňa 27.03.2026   9788055133874 27.03.2026 Krásna literatúra pre dospelých
Projekt je podporený Slovenskou asociáciou knižníc
Prevádzkuje Turčianska knižnica Martin 2026